00000000nam 2200000za 4500
0019.842013
003CaOODSP
00520241120095159
007cr |||||||||||
008170818s2017    quca   #o    f000 0 fre d
020 |a978-0-660-09376-5
040 |aCaOODSP|bfre
043 |an-cn---
0861 |aFo113-1/114-2017F-PDF
24500|aTordeuse des bourgeons de l’épinette |h[ressource électronique] : |bvols de masse sous le radar
260 |aQuébec : |bRessources naturelles Canada, Centre de foresterie des Laurentides, |c2017.
300 |a[2] p. : |bill. en coul.
4901 |aL'éclaircie du Service canadien des forêts, Centre de foresterie des Laurentides, |x1705-5814 ; |v114
500 |aTitre de départ.
500 |aPubl. aussi en anglais sous le titre : Spruce budworm: mass flights under the radar.
500 |aL'ISSN (1705-5806) de édition imprimée à été copié dans l’édition électronique.
520 |a« Voler sur de longues distances est un phénomène très commun chez les insectes. Cette stratégie leur permet de maximiser leur survie dans des environnements variables. La tordeuse des bourgeons de l’épinette (TBE) étant le ravageur le plus important de la forêt boréale canadienne, des chercheurs du Service canadien des forêts (SCF) usent de ruse pour suivre ses déplacements : ils utilisent les radars météo. » -- p. [1].
530 |aÉgalement publié en version imprimée.
69207|2gccst|aOrganisme nuisible
69207|2gccst|aRadar
69207|2gccst|aGestion forestière
7101 |aCanada. |bRessources naturelles Canada.
7102 |aCentre de foresterie des Laurentides.
77508|tSpruce budworm |w(CaOODSP)9.842008
7760#|tTordeuse des bourgeons de l’épinette : |w(CaOODSP)9.842011
830#0|aL'éclaircie du Service canadien des forêts, Centre de foresterie des Laurentides,|x1705-5814 ; |v114.|w(CaOODSP)9.501099
85640|qPDF|s1.80 Mo|uhttps://publications.gc.ca/collections/collection_2017/rncan-nrcan/Fo113-1-114-2017-fra.pdf